Macromedia Flash 8: A Tutorial Guide (Record no. 96)

MARC details
000 -LEADER
fixed length control field 00399nam a22001577a 4500
005 - DATE AND TIME OF LATEST TRANSACTION
control field 20180209131843.0
008 - FIXED-LENGTH DATA ELEMENTS--GENERAL INFORMATION
fixed length control field 160427b xxu||||| |||| 00| 0 eng d
020 ## - INTERNATIONAL STANDARD BOOK NUMBER
ISBN 81-7635-761-8
041 ## - LANGUAGE CODE
Language code of text/sound track or separate title eng
082 ## - DEWEY DECIMAL CLASSIFICATION NUMBER
Item number 00286
Classification number 006.7
100 ## - MAIN ENTRY--AUTHOR NAME
Personal name Armstrong, Jay and dehaan jen
245 ## - TITLE STATEMENT
Title Macromedia Flash 8: A Tutorial Guide
260 ## - PUBLICATION, DISTRIBUTION, ETC. (IMPRINT)
Place of publication New Delhi
Name of publisher Techmedia,
Year of publication 2006
300 ## - PHYSICAL DESCRIPTION
Number of Pages 290
942 ## - ADDED ENTRY ELEMENTS (KOHA)
Koha item type Books
Holdings
Lost status Damaged status Collection code Home library Current library Shelving location Date acquired Cost, normal purchase price Full call number Accession Number Koha item type
    Reference JRU Library JRU Library SHELF-51-I 27/04/2016 195.00 006.7 00286 Books
    CS/IT JRU Library JRU Library SHELF-75-L 27/04/2016 195.00 006.7 00287 Books